| 000 -ლიდერი |
| ფიქსირებული სიგრძის საკონტროლო ველი |
01155nam a22002177a 4500 |
| 003 - საკონტროლო ნომრის იდენტიფიკატორი |
| საკონტროლო ველი |
Ge_BSU |
| 005 - ბოლო ოპერაციის თარიღი და დრო |
| საკონტროლო ველი |
20220621130640.0 |
| 008 - ფიქსირებული სიგრძის მონაცემთა ელემენტები - ზოგადი ინფორმაცია |
| ფიქსირებული სიგრძის საკონტროლო ველი |
220621s2017 ge ||||| |||| 00| 0 geo d |
| 020 ## - წიგნის საერთაშორისო სტანდარტული ნომერი |
| International Standard Book Number |
9789941275111 |
| 041 ## - ენის კოდი |
| Language code of text/sound track or separate title |
geo |
| 080 ## - უნივერსალური ათობითი კლასიფიკაციის ინდექსი |
| Universal Decimal Classification number |
1(479.22) შ-15 |
| 100 ## - მთავარი ჩანაწერი - პიროვნების სახელი |
| Personal name |
შათირიშვილი, ზაზა |
| 9 (RLIN) |
14119 |
| 245 ## - ცნობა სათაურის შესახებ |
| Title |
Vita contemplativa ჭვრეტითი ცხოვრება : |
| Remainder of title |
საუბრები ფილოსოფიაზე / |
| Statement of responsibility, etc |
ზაზა შათირიშვილი ; რედაქტორი ელზა ნაბახტეველი ; დიზაინი ბესიკ დანელია. |
| 264 ## - წარმოების, გამოცემის, დისტრიბუციის და სხვა ცნობები |
| გამოცემის, წარმოების, დისტრიბუციის... ადგილი |
თბილისი : |
| გამოცემის, წარმოების, დისტრიბუციის... სახელწოდება |
სეზან ფაბლიშინგი, |
| გამოცემის, წარმოების, დისტრიბუციის... თარიღი |
2017. |
| 300 ## - ფიზიკური აღწერა |
| Extent |
280 გვ. ; |
| Other physical details |
22 სმ. |
| 653 ## - INDEX TERM--UNCONTROLLED |
| Uncontrolled term |
ქართული ფილოსოფია. |
| 653 ## - INDEX TERM--UNCONTROLLED |
| Uncontrolled term |
ძველი ბერძნული ფილოსოფია. |
| 700 ## - ADDED ENTRY--PERSONAL NAME |
| Personal name |
ნაბახტეველი, ელზა |
| Relator term |
რედაქტორი |
| 9 (RLIN) |
5442 |
| 700 ## - ADDED ENTRY--PERSONAL NAME |
| Personal name |
დანელია, ბესიკ |
| Relator term |
დიზაინერი |
| 9 (RLIN) |
4424 |
| 942 ## - ADDED ENTRY ELEMENTS (KOHA) |
| Source of classification or shelving scheme |
|
| Koha item type |
წიგნი |